000 01058nam a2200337 i 4500
001 165507
003 ES-MaACL
005 20250813015838.0
008 931025s1881 it |||| | ita d
100 0 _aSófocles.
_9107023
245 1 0 _aTragedie di Sofocle /
_ctraduzione di Felice Bellotti ; con prefazione [de F. Sala].
250 _aEd. stereotipa.
260 _aMilano :
_bEdoardo Sonzogno,
_c1881.
300 _a348 p. ;
_c19 cm.
490 1 _aBiblioteca Classica Economica ;
_v74
505 8 _aContiene : Edipo rey ; Antigone ; Ajace ; Le Trachinie ; Elettra ; Filottete ; Edipo a Colono
700 0 _aBellotti, Felice.
_927279
700 1 _aSala, F.
_9132311
740 0 _aEdipo re.
740 0 _aAntigone.
740 0 _aAjace.
740 3 _aLe Trachinie.
740 0 _aElettra.
740 0 _aFilottete.
740 0 _aEdipo a Colono.
752 _aItalia -
_dMilán
830 0 0 _aBiblioteca classica economica
_v74
_9182054
852 _aES-MaACL
_jF-10608
_z-- Enc. hol.
999 _c165507
_d165507